00475nam a2200193 a 4500001001300000003000900013005001700022008004100039020001000080082001600090100002100106245001700127260004000144300000800184500003500192505001700227650001600244700002100260nice12345678IN_TiNIC20260116012503.0050524s0000 alia grp 000 0 urd  ac10000a891.41bJAU aJauhar, Mohd Ali aArz-E-Jauhar aAligarhbJamia Millia Islamiac0000 a74p aincludes index and biblioraphy2 aPart 1 and 2 aUrdu-Poetry1 aJauhar, Mohd Ali